Golf knowledge (easy/medium) - Statistics

General Stats
  • This quiz has been taken 1,001 times
  • The average score is 8 of 14
Answer Stats
Hint Answer % Correct
Name for scoring 1 over par at a hole Bogey
95%
Competition between USA and Europe (men) Ryder Cup
89%
Country where golf was founded Scotland
86%
System to show ability of amateur golfers Handicap
82%
Club used commonly to get out of bunkers Sand Wedge
79%
Course which is famous for its 17th hole with an island green TPC Sawgrass
69%
Golfer to win the most majors Jack Nicklaus
64%
The real first name of Tiger Woods Eldrick
54%
Known as The Big Easy Ernie Els
50%
Competition between USA and Europe (Women) Solheim Cup
37%
Was world number 1 at the end of the 2014 season Rory Mcilroy
36%
GB&I vs USA for amateurs Walker Cup
29%
Country where the "Sunshine Tour" takes place South Africa
27%
Venue for the 2014 Ryder Cup Gleneagles
17%
No matching quizzes found
Score Distribution
Percent of People with Each Score
Percentile by Number Answered
Your Score History
You have not taken this quiz